000 00435nam a22001697a 4500
003 mut
005 20240606081339.0
008 180217b xxu||||| |||| 00| 0 eng d
040 _cmut
050 _aRJ216
_b.N47 2000
100 _aNewman, Jack
245 _aDr. Jack Newman's guide to breastfeeding
260 _aToronto
_bHarperCollins publishers
_cc2000
650 _aBreast feeding
700 _aPitman, Teresa
942 _2lcc
_cBK
999 _c15621
_d15621